BSOP header

Grace for the afflicted : (Record no. 49719)

MARC details
000 -LEADER
fixed length control field 01290cam a2200313 i 4500
001 - CONTROL NUMBER
control field 19859318
005 - DATE AND TIME OF LATEST TRANSACTION
control field 20210610154428.0
008 - FIXED-LENGTH DATA ELEMENTS--GENERAL INFORMATION
fixed length control field 170802s2017 ilua b 000 0 eng
010 ## - LIBRARY OF CONGRESS CONTROL NUMBER
LC control number 2017033982
020 ## - INTERNATIONAL STANDARD BOOK NUMBER
International Standard Book Number 9780830845071 (pbk. : alk. paper)
020 ## - INTERNATIONAL STANDARD BOOK NUMBER
Cancelled/invalid ISBN 9780830890804 (digital)
040 ## - CATALOGING SOURCE
Original cataloging agency DLC
Language of cataloging eng
Transcribing agency DLC
Description conventions rda
Modifying agency DLC
100 1# - MAIN ENTRY--PERSONAL NAME
Personal name Stanford, Matthew S.,
Dates associated with a name 1966-
Relator term author.
245 10 - TITLE STATEMENT
Title Grace for the afflicted :
Remainder of title a clinical and biblical perspective on mental illness /
Statement of responsibility, etc Matthew S. Stanford.
250 ## - EDITION STATEMENT
Edition statement Revised & expanded.
260 ## - PUBLICATION, DISTRIBUTION, ETC. (IMPRINT)
Place of publication, distribution, etc Downers Grove, Illinois :
Name of publisher, distributor, etc IVP Books, an imprint of InterVarsity Press,
Date of publication, distribution, etc c2017.
300 ## - PHYSICAL DESCRIPTION
Extent 260 pages :
Other physical details illustrations ;
Dimensions 21 cm
336 ## - CONTENT TYPE
Content Type Term text
Content Type Code txt
Source rdacontent
337 ## - MEDIA TYPE
Media Type Term unmediated
Media Type Code n
Source rdamedia
338 ## - CARRIER TYPE
Carrier Type Term volume
Carrier Type Code nc
Source rdacarrier
504 ## - BIBLIOGRAPHY, ETC. NOTE
Bibliography, etc Includes bibliographical references.
650 #0 - SUBJECT ADDED ENTRY--TOPICAL TERM
Topical term or geographic name as entry element Mental illness
General subdivision Religious aspects.
650 #0 - SUBJECT ADDED ENTRY--TOPICAL TERM
Topical term or geographic name as entry element Mental health
General subdivision Religious aspects.
650 #0 - SUBJECT ADDED ENTRY--TOPICAL TERM
Topical term or geographic name as entry element Church work with the mentally ill.
650 #0 - SUBJECT ADDED ENTRY--TOPICAL TERM
Topical term or geographic name as entry element Pastoral counseling.
650 #0 - SUBJECT ADDED ENTRY--TOPICAL TERM
Topical term or geographic name as entry element Spiritual healing.
776 08 - ADDITIONAL PHYSICAL FORM ENTRY
Display text Online version:
Main entry heading Stanford, Matthew S., 1966- author.
Title Grace for the afflicted
Edition Revised and expanded.
Place, publisher, and date of publication Downers Grove, IL : InterVarsity Press, 2017
International Standard Book Number 9780830890804
Record control number (DLC) 2017037419
942 ## - ADDED ENTRY ELEMENTS (KOHA)
Source of classification or shelving scheme Library of Congress Classification
Item type Books
Holdings
Withdrawn status Lost status Source of classification or shelving scheme Damaged status Not for loan Home library Current library Shelving location Date acquired Inventory number Total Checkouts Full call number Barcode Date last seen Price effective from Koha item type
    Library of Congress Classification     BSOP Library BSOP Library GC 06/10/2021 46346   RC489.S67 St2 2017 00057375 06/10/2021 06/10/2021 Books
BSOP

Biblical Seminary of the Philippines
  All rights Reserved
  © 2024

CONTACT INFORMATION

Biblical Seminary of the Philippines,
  77-B Karuhatan Road, Valenzuela City,
  PHILIPPINES 1441
  Phone: +632 8292-6795 / 8292-6798
  Fax : +632 8292-6675
  Email: library@bsop.edu.ph